<?xml version="1.0" encoding="UTF-8"?>
<record
    xmlns:xsi="http://www.w3.org/2001/XMLSchema-instance"
    xsi:schemaLocation="http://www.loc.gov/MARC21/slim http://www.loc.gov/standards/marcxml/schema/MARC21slim.xsd"
    xmlns="http://www.loc.gov/MARC21/slim">

  <leader>01009nam a22002417a 4500</leader>
  <controlfield tag="003">KOHA_M&#x130;RAKIL</controlfield>
  <controlfield tag="005">20260407094925.0</controlfield>
  <controlfield tag="008">260407b        tu ||||| |||| 00| 0 tur d</controlfield>
  <datafield tag="040" ind1=" " ind2=" ">
    <subfield code="a">TR-AnABB</subfield>
    <subfield code="b">tur</subfield>
    <subfield code="c">TR-AnABB</subfield>
  </datafield>
  <datafield tag="041" ind1=" " ind2=" ">
    <subfield code="a">tur</subfield>
  </datafield>
  <datafield tag="082" ind1=" " ind2=" ">
    <subfield code="a">304.6</subfield>
    <subfield code="b">TAN 1966</subfield>
  </datafield>
  <datafield tag="100" ind1="1" ind2=" ">
    <subfield code="a">Tano&#x11F;lu, Ali,</subfield>
    <subfield code="d">1904-1978</subfield>
  </datafield>
  <datafield tag="245" ind1="1" ind2="0">
    <subfield code="a">N&#xFC;fus ve yerle&#x15F;me /</subfield>
    <subfield code="c">Ali Tano&#x11F;lu</subfield>
  </datafield>
  <datafield tag="246" ind1=" " ind2=" ">
    <subfield code="a">Be&#x15F;eri Co&#x11F;rafya</subfield>
  </datafield>
  <datafield tag="260" ind1=" " ind2=" ">
    <subfield code="a">&#x130;stanbul : </subfield>
    <subfield code="b">&#x130;stanbul &#xDC;niversitesi Yay&#x131;nlar&#x131;,</subfield>
    <subfield code="c">1969</subfield>
  </datafield>
  <datafield tag="300" ind1=" " ind2=" ">
    <subfield code="a">256 sayfa ;</subfield>
    <subfield code="c">22 cm</subfield>
  </datafield>
  <datafield tag="490" ind1="0" ind2=" ">
    <subfield code="a">&#x130;stanbul &#xDC;niversitesi Yay&#x131;nlar&#x131; ; </subfield>
    <subfield code="v">no: 1183</subfield>
  </datafield>
  <datafield tag="500" ind1=" " ind2=" ">
    <subfield code="a">Cilt 1</subfield>
  </datafield>
  <datafield tag="500" ind1=" " ind2=" ">
    <subfield code="a">Yazar taraf&#x131;ndan imzal&#x131;</subfield>
  </datafield>
  <datafield tag="505" ind1=" " ind2=" ">
    <subfield code="a">&#x130;&#xE7;indekiler: Co&#x11F;rafya nedir - N&#xFC;fus - D&#xFC;nyada n&#xFC;fus art&#x131;&#x15F;&#x131; ve do&#x11F;urdu&#x11F;u problem - N&#xFC;fus yo&#x11F;unlu&#x11F;u - Yer y&#xFC;z&#xFC;nde n&#xFC;fusun da&#x11F;&#x131;l&#x131;&#x15F;&#x131; - Seyrek n&#xFC;fuslu b&#xF6;lgeler - S&#x131;k n&#xFC;fuslu b&#xF6;lgeler - T&#xFC;rkiye n&#xFC;fusu - Yerle&#x15F;me - Ev ve Ev &#x15E;ekilleri - K&#x131;r Yerle&#x15F;mesi - Yerle&#x15F;me &#x15E;ekilleri </subfield>
  </datafield>
  <datafield tag="650" ind1="0" ind2="4">
    <subfield code="a">N&#xFC;fus / Demografi</subfield>
  </datafield>
  <datafield tag="942" ind1=" " ind2=" ">
    <subfield code="2">ddc</subfield>
    <subfield code="c">BK</subfield>
  </datafield>
  <datafield tag="952" ind1=" " ind2=" ">
    <subfield code="0">0</subfield>
    <subfield code="1">0</subfield>
    <subfield code="2">ddc</subfield>
    <subfield code="7">0</subfield>
    <subfield code="a">RUK</subfield>
    <subfield code="b">RUK</subfield>
    <subfield code="d">2026-04-07</subfield>
    <subfield code="l">0</subfield>
    <subfield code="o">304.6 TAN 1966</subfield>
    <subfield code="p">RK7011</subfield>
    <subfield code="r">2026-04-07 09:49:50</subfield>
    <subfield code="w">2026-04-07</subfield>
    <subfield code="y">BK</subfield>
  </datafield>
  <datafield tag="999" ind1=" " ind2=" ">
    <subfield code="c">10179</subfield>
    <subfield code="d">10179</subfield>
  </datafield>
  <datafield tag="900" ind1=" " ind2=" ">
    <subfield code="b">Can &#xC7;ELIK</subfield>
  </datafield>
</record>
